|
|
|
|
| LEADER |
00000nam a2200000 4500 |
| 001 |
vtls011783941 |
| 003 |
SK-MaSNL |
| 005 |
20260301050146.0 |
| 008 |
250313s1940 xr b g 000 0 slo |
| 015 |
|
|
|a SNBA1940
|
| 020 |
|
|
|q (brožované)
|
| 035 |
|
|
|a urn:nbn:sk:snk-am00d82s
|
| 035 |
|
|
|a urn:nbn:sk:snk-am3hsud
|
| 035 |
|
|
|a 08DABC03-23D5-4D47-8CD8-54DEED631687
|
| 040 |
|
|
|a SNK
|b slo
|c SNK
|e rda
|
| 041 |
0 |
|
|a slo
|
| 043 |
|
|
|a e-xo---
|
| 044 |
|
|
|a xr
|c CZ
|
| 072 |
|
7 |
|a 81
|x Lingvistika. Jazyky
|2 konspekt
|
| 080 |
|
|
|a 81'342.4
|2 2001
|
| 080 |
|
|
|a (437.6)
|2 2011
|
| 080 |
|
|
|a (048.8)
|2 2011
|
| 100 |
1 |
|
|a Šimovič, Ladislav,
|d 1915-2010
|4 aut
|9 179189
|
| 245 |
1 |
0 |
|a Z hláskoslovia hornotrenčianskej obce Terchovej
|c Ladislav Šimovič
|
| 264 |
|
1 |
|a Praha
|b Orbis
|b Slovanský ústav
|c 1940
|
| 300 |
|
|
|a 46 strán
|b mapa
|c 24 cm
|
| 336 |
|
|
|a text
|b txt
|2 rdacontent
|
| 337 |
|
|
|a bez média
|b n
|2 rdamedia
|
| 338 |
|
|
|a zväzok
|b nc
|2 rdacarrier
|
| 490 |
1 |
|
|a Carpatica
|v sv. 4
|
| 504 |
|
|
|a Bibliografické odkazy
|
| 650 |
0 |
7 |
|a hláskoslovie
|2 SNKPH
|9 68774
|
| 650 |
0 |
7 |
|a Speech sounds
|2 SNKPHeng
|9 334475
|
| 651 |
|
7 |
|a Terchová (Slovensko)
|2 SNKPHgeo
|9 68835
|
| 651 |
|
7 |
|a Terchová (Slovakia)
|2 SNKPHeng
|9 332206
|
| 655 |
|
7 |
|a štúdie
|2 SNKPH
|9 57033
|
| 655 |
|
7 |
|a Studies
|2 SNKPHeng
|9 265573
|
| 830 |
|
0 |
|a Carpatica
|9 339509
|
| 852 |
|
|
|a Slovenská národná knižnica
|
| 958 |
|
|
|a SK
|
| 958 |
|
|
|a NB
|
| 958 |
|
|
|a OND
|
| 999 |
|
|
|c 600293
|d 602223
|
| 952 |
|
|
|a SNK
|b SNK
|y PREZ
|7 0
|p 17A0757280
|o snkSC 3726/4
|i snk3826/47
|0 0
|1 0
|4 0
|d 2018-10-09
|f 1
|l 0
|r 2025-06-25 00:00:00
|w 2026-02-23
|
| 952 |
|
|
|a SNK
|b SNK
|y VYP
|7 0
|p 17A1347503
|o snkSC 3726/4 D1
|i snkF 5081/79
|8 5
|0 0
|1 0
|4 0
|d 2019-10-29
|l 0
|r 2026-02-23 15:52:11
|w 2026-02-23
|